Countries by First Three Letters in One Minute - Statistics

General Stats
  • This quiz has been taken 278 times
  • The average score is 47 of 204
Answer Stats
country % Correct
United States
84%
United Arab Emirates
81%
United Kingdom
79%
Chile
69%
China
69%
North Korea
68%
North Macedonia
68%
Norway
68%
Australia
66%
Austria
66%
France
57%
India
57%
Indonesia
57%
Russia
56%
South Africa
56%
South Korea
56%
South Sudan
56%
Germany
55%
Brazil
49%
Canada
48%
Spain
48%
Belarus
45%
Belgium
45%
Belize
45%
Sweden
45%
Monaco
43%
Mongolia
43%
Montenegro
43%
Malawi
42%
Malaysia
42%
Maldives
42%
Mali
42%
Malta
42%
Mexico
39%
Finland
38%
Ireland
38%
Italy
37%
Argentina
36%
Iceland
35%
Iran
35%
Iraq
35%
Portugal
35%
Albania
34%
Turkey
34%
Turkmenistan
34%
Japan
33%
Andorra
31%
Papua New Guinea
31%
Ukraine
31%
New Zealand
29%
Peru
28%
Poland
28%
Algeria
27%
Bulgaria
27%
Denmark
27%
Netherlands
27%
Niger
27%
Nigeria
27%
Saint Kitts and Nevis
27%
Saint Lucia
27%
Saint Vincent and the Grenadines
27%
Bolivia
26%
Greece
26%
Greenland
26%
Grenada
26%
Switzerland
25%
Hungary
24%
Democratic Republic of the Congo
23%
Afghanistan
22%
Armenia
22%
Colombia
22%
Saudi Arabia
22%
Bahamas
21%
Bahrain
21%
Burkina Faso
21%
Burma
21%
Burundi
21%
Cuba
21%
Latvia
21%
Romania
21%
Slovakia
21%
Slovenia
21%
Angola
20%
Bosnia and Herzegovina
20%
Cambodia
20%
Cameroon
20%
Dominica
20%
Dominican Republic
20%
Chad
19%
Congo
19%
Egypt
19%
Lithuania
19%
Uruguay
19%
Antigua and Barbuda
18%
Luxembourg
18%
Morocco
18%
Pakistan
18%
Philippines
18%
Thailand
18%
Czechia
17%
Guatemala
17%
Guinea
17%
Guinea-Bissau
17%
Liechtenstein
17%
Timor-Leste
17%
Tunisia
17%
Venezuela
17%
Azerbaijan
16%
Bhutan
16%
Brunei
16%
Croatia
16%
Estonia
16%
Honduras
16%
Kiribati
16%
Palau
16%
Palestine
16%
San Marino
16%
Serbia
16%
Tonga
16%
Barbados
15%
Kazakhstan
15%
Mauritania
15%
Mauritius
15%
Paraguay
15%
Sudan
15%
Vietnam
15%
Djibouti
14%
Fiji
14%
Ghana
14%
Israel
14%
Moldova
14%
Tanzania
14%
Uzbekistan
14%
Benin
13%
Ethiopia
13%
Guyana
13%
Panama
13%
Singapore
13%
Sint Maarten
13%
Vatican City
13%
Zimbabwe
13%
Botswana
12%
Cyprus
12%
Ecuador
12%
Kenya
12%
Marshall Islands
12%
Nauru
12%
Bangladesh
11%
Kyrgyzstan
11%
Madagascar
11%
Taiwan
11%
Trinidad and Tobago
11%
Zambia
11%
El Salvador
10%
Georgia
10%
Jamaica
10%
Liberia
10%
Libya
10%
Micronesia
10%
Namibia
10%
Somalia
10%
Syria
10%
Central African Republic
9%
Comoros
9%
Côte d'Ivoire
9%
Haiti
9%
Laos
9%
Nepal
9%
Nicaragua
9%
Oman
9%
Samoa
9%
Sri Lanka
9%
Tuvalu
9%
Costa Rica
8%
Eritrea
8%
Gambia
8%
Jordan
8%
Kuwait
8%
Lesotho
8%
Mozambique
8%
Solomon Islands
8%
Tajikistan
8%
Togo
8%
Vanuatu
8%
Kosovo
7%
Rwanda
7%
São Tomé and Príncipe
7%
Suriname
7%
Yemen
7%
Swaziland
6%
Uganda
6%
Aruba
5%
Qatar
5%
Senegal
5%
Seychelles
5%
Curaçao
4%
Gabon
4%
Cabo Verde
3%
Cook Islands
3%
Niue
3%
Equatorial Guinea
2%
Faroe Islands
2%
Lebanon
2%
Sierra Leone
2%
No matching quizzes found
Score Distribution
Percent of People with Each Score
Percentile by Number Answered
Your Score History
You have not taken this quiz